000 01433nam a2200349Ia 4500
001 ebr10221829
003 CaPaEBR
006 m u
007 cr cn|||||||||
008 941123s1985 bccaf sbs 000 0 eng d
020 _z0774802359
020 _z9780774802352
020 _z9780774857147
040 _aCaPaEBR
_cCaPaEBR
035 _a(OCoLC)243614338
050 1 4 _aHD7287.96.D44
_bO24 1985eb
100 1 _aOberlander, H. Peter,
_d1922-2008.
245 1 0 _aLand, the central human settlement issue
_h[electronic resource] /
_cH. Peter Oberlander.
260 _aVancouver :
_bUniversity of British Columbia Press,
_c1985.
300 _ax, 103 p., [4] p. of plates :
_bill.
490 1 _aHuman settlement issues ;
_v7
504 _aIncludes bibliography: p. [93]-101.
533 _aElectronic reproduction.
_bPalo Alto, Calif. :
_cebrary,
_d2011.
_nAvailable via World Wide Web.
_nAccess may be limited to ebrary affiliated libraries.
650 0 _aUrban poor
_xHousing
_zDeveloping countries.
650 0 _aSquatter settlements
_zDeveloping countries.
650 0 _aHuman settlements
_zDeveloping countries.
650 0 _aLand use, Urban
_zDeveloping countries.
655 7 _aElectronic books.
_2local
710 2 _aebrary, Inc.
830 0 _aHuman settlement issues ;
_v7.
856 4 0 _uhttp://site.ebrary.com/lib/rucke/Doc?id=10221829
_zAn electronic book accessible through the World Wide Web; click to view
999 _c242307
_d242307